[Event "Challenge"]
[Site "http://www.queenalice.com/game.php?id=24038"]
[Date "2005.8.13"]
[Round "-"]
[White "reimlima"]
[Black "Rolling"]
[Result "0-1"]
[WhiteElo "908"]
[BlackElo "1922"]

1. e4 e5 2. Nf3 Qf6 3. Bb5 Bc5 4. Ba4 a6 5. Nc3 c6 6. O-O d6 7. a3 Qg6 8. Nh4
Qe6 9. g4 Qxg4+ 10. Qxg4 Bxg4 11. d3 Bd4 12. Nf5 Bxf5 13. exf5 Bxc3 14. bxc3 Nd7
15. Rb1 Nh6 16. Rxb7 Rc8 17. d4 Nxf5 18. dxe5 Nc5 19. Bxc6+ Kf8 20. Bg5 Nxb7 21.
Bxb7 Rxc3 22. exd6 Nxd6 23. Bd5 Rxa3 24. Bc6 Rc3 25. Ba4 f6 26. Bd2 Rc4 27. Bd7
Rxc2 28. Bb4 Ke7 29. Ba4 Rc4 30. Re1+ Kf7 31. Rb1 Rg4+ 32. Kf1 Rb8 33. Bd7 a5
34. Bxg4 axb4 35. Rd1 Nc8 36. Rd8 Ke7 37. Rh8 b3 38. Bxc8 b2 39. Bf5 Rxh8 40.
Bd3 Ra8 41. Bxh7 Ke6 42. Ke2 f5 43. Kd2 b1=Q 44. Ke3 Ra4 45. f4 Qb3+ 46. Kf2
Ra2+ 47. Kg1 Qb1# 0-1

[Event "Challenge"]
[Site "http://www.queenalice.com/game.php?id=24040"]
[Date "2005.8.13"]
[Round "-"]
[White "Rolling"]
[Black "ograum"]
[Result "1-0"]
[WhiteElo "1918"]
[BlackElo "891"]

1. e4 d5 2. exd5 Qxd5 3. Nc3 Qg5 4. d4 Qf6 5. Nd5 Qd6 6. Bc4 Be6 7. Qf3 c6 8.
Bf4 Qc5 9. Nc7+ Kd8 10. dxc5 Bxc4 11. Nxa8 f5 12. Bxb8 e6 13. Bc7+ Kc8 14. Qd1
Bxc5 15. Qd8# 1-0

[Event "Challenge"]
[Site "http://www.queenalice.com/game.php?id=27819"]
[Date "2005.9.9"]
[Round "-"]
[White "Rolling"]
[Black "THAILANDMASTER"]
[Result "0-1"]
[WhiteElo "1855"]
[BlackElo "2166"]

1. e4 d5 2. exd5 Qxd5 3. Nc3 Qa5 4. Qf3 c6 5. a3 Nf6 6. b4 Qc7 7. d3 e5 8. Nh3
a5 9. bxa5 Qxa5 10. Bd2 Bb4 11. Qd1 Bxc3 12. Bxc3 Qxc3+ 13. Ke2 e4 14. Rb1 Rxa3
15. Rb3 Rxb3 16. cxb3 e3 17. f3 Qb2+ 18. Ke1 Bxh3 19. Be2 Bxg2 20. Rg1 Qc3+ 0-1

[Event "Let's Play Chess!"]
[Site "http://www.queenalice.com/game.php?id=27864"]
[Date "2005.9.10"]
[Round "-"]
[White "Rolling"]
[Black "Adelar"]
[Result "1/2-1/2"]
[WhiteElo "1860"]
[BlackElo "1807"]

1. e4 e5 2. Qf3 Nc6 3. Bc4 Nf6 4. d3 Be7 5. Bd5 Nd4 6. Qd1 Nxd5 7. exd5 O-O 8.
Na3 c6 9. dxc6 bxc6 10. Nf3 Bxa3 11. bxa3 Nxf3+ 12. Qxf3 d5 13. Qg3 Qf6 14. O-O
Bf5 15. Bb2 d4 16. c3 c5 17. a4 Rfe8 18. Rfe1 Qg6 19. cxd4 Qxg3 20. hxg3 exd4
21. Rxe8+ Rxe8 22. Ba3 Bxd3 23. Bxc5 Rd8 24. Rd1 Be2 25. Rxd4 Rxd4 26. Bxd4 a6
27. f3 Bc4 28. a3 f6 29. g4 Kf7 30. Kf2 Ke6 31. a5 g6 32. f4 f5 33. g5 Kd5
1/2-1/2

[Event "AUTO-OPEN-140"]
[Site "http://www.queenalice.com/game.php?id=27875"]
[Date "2005.9.9"]
[Round "1"]
[White "gbs30"]
[Black "Rolling"]
[Result "1-0"]
[WhiteElo "1826"]
[BlackElo "1889"]

1. e4 e5 2. Bc4 Qf6 3. d3 Nh6 4. Nc3 Ng4 5. Qxg4 h5 6. Qg3 h4 7. Qf3 Qxf3 8.
Nxf3 f6 9. Be3 Bb4 10. Bd2 g5 11. O-O-O Bxc3 12. Bxc3 g4 13. Nd2 Nc6 14. h3 d6
15. hxg4 Bxg4 16. f3 Bd7 17. b4 O-O-O 18. a4 Nd4 19. Bxd4 exd4 20. Nb3 Bxa4 21.
Nxd4 c5 22. Ne6 Rde8 23. b5 a6 24. bxa6 b5 25. Bd5 Kb8 26. f4 b4 27. f5 Ka7 28.
Bc4 Bd7 29. Kd2 Bxe6 30. fxe6 Reg8 31. Rh2 Rg7 32. Rf1 Rh6 33. Rf4 d5 34. exd5
h3 35. gxh3 Kb6 36. h4 Ka5 37. d6 1-0

[Event "AUTO-OPEN-140"]
[Site "http://www.queenalice.com/game.php?id=27876"]
[Date "2005.9.9"]
[Round "1"]
[White "Rolling"]
[Black "gbs30"]
[Result "1-0"]
[WhiteElo "1871"]
[BlackElo "1829"]

1. e4 b6 2. Qf3 Bb7 3. Bc4 e6 4. d3 Nc6 5. Nh3 Ne5 6. Qd1 Qh4 7. b3 d5 8. d4
Nxc4 9. bxc4 Qxe4+ 10. Kf1 dxc4 11. f3 Qg6 12. Nc3 Bd6 13. Bf4 Bb4 14. Na4 c3
15. Bxc7 Ba6+ 16. Kf2 Nf6 17. Nf4 Qg5 18. a3 Ba5 19. Qe1 O-O 20. h4 Qf5 21. Qc1
e5 22. dxe5 Nd7 23. g4 Qg6 24. Nxg6 fxg6 25. Qd1 Rf7 26. e6 1-0

[Event "AUTO-OPEN-140"]
[Site "http://www.queenalice.com/game.php?id=27901"]
[Date "2005.9.9"]
[Round "1"]
[White "jcm"]
[Black "Rolling"]
[Result "1-0"]
[WhiteElo "1624"]
[BlackElo "1907"]

1. d4 d5 2. c4 dxc4 3. e3 Nc6 4. Bxc4 Na5 5. Qa4+ c6 6. Bd3 b5 7. Qd1 h5 8. Nf3
Bg4 9. Nc3 Bxf3 10. Qxf3 a6 11. Bd2 Nc4 12. Bxc4 1-0

[Event "AUTO-OPEN-140"]
[Site "http://www.queenalice.com/game.php?id=27902"]
[Date "2005.9.9"]
[Round "1"]
[White "Rolling"]
[Black "jcm"]
[Result "0-1"]
[WhiteElo "1880"]
[BlackElo "1651"]

1. e4 c5 2. Qf3 e6 3. Nh3 a6 4. Ng5 Qxg5 5. h4 Qd8 6. Na3 Nc6 7. d3 Qc7 8. Bf4
Bd6 9. Bxd6 Qxd6 10. Nc4 Qc7 11. O-O-O b5 0-1

[Event "AUTO-OPEN-140"]
[Site "http://www.queenalice.com/game.php?id=27917"]
[Date "2005.9.9"]
[Round "1"]
[White "jailsonjr"]
[Black "Rolling"]
[Result "0-1"]
[WhiteElo "1587"]
[BlackElo "1855"]

1. d4 d5 2. e3 e6 3. Bd3 Nc6 4. Nc3 Bb4 5. Ne2 Bxc3+ 6. Nxc3 a6 7. O-O Qg5 8. e4
Qd8 9. exd5 exd5 10. Re1+ Be6 11. Bf5 Nge7 12. Bxe6 fxe6 13. Rxe6 O-O 14. Bg5
Qd7 15. Bxe7 Nxe7 16. Qe1 Rae8 17. Qe3 Nf5 18. Qe5 Rxe6 19. Qxd5 Re8 20. Qc4
Nxd4 21. Nd5 Re1+ 0-1

[Event "AUTO-OPEN-140"]
[Site "http://www.queenalice.com/game.php?id=27918"]
[Date "2005.9.9"]
[Round "1"]
[White "Rolling"]
[Black "jailsonjr"]
[Result "1-0"]
[WhiteElo "1885"]
[BlackElo "1593"]

1. e4 e5 2. Qh5 Qf6 3. Bc4 Bc5 4. Nh3 d6 5. O-O Bxh3 6. Qxh3 Ne7 7. Bd5 Nxd5 8.
exd5 O-O 9. d3 Rd8 10. Nc3 Na6 11. Ne4 Qe7 12. Qg3 Nb4 13. Bg5 f6 14. Bxf6 Qf7
15. Bxd8 Rxd8 16. Ng5 Qf5 17. Ne6 Rd7 18. c3 Nxd3 19. b4 Bb6 20. a4 Rf7 21. Ra2
a6 22. Nd8 Rf8 23. Nxb7 Nf4 24. Na5 Nxd5 25. c4 Nxb4 26. Rb2 Nd3 27. Nc6 Nxb2
28. Ne7+ Kh8 29. Nxf5 Rxf5 30. Qg4 g6 31. h4 Nxa4 32. h5 Kg7 33. g3 Nc5 34. Kg2
Nd3 35. h6+ Kf7 36. Qe2 Nc5 37. g4 Rf4 38. Qd1 Ne4 39. f3 Ng5 40. Qb3 Kf8 41.
Qa4 a5 42. Qd7 Rf7 43. Qd8# 1-0

[Event "Challenge"]
[Site "http://www.queenalice.com/game.php?id=28493"]
[Date "2005.9.13"]
[Round "-"]
[White "ENDHER"]
[Black "Rolling"]
[Result "1-0"]
[WhiteElo "1903"]
[BlackElo "1924"]

1. d4 e6 2. c4 Qf6 3. Nf3 Bb4+ 4. Nc3 Bxc3+ 5. bxc3 Na6 6. e4 d6 7. Be3 Nh6 8.
e5 Qd8 9. Bxh6 gxh6 10. Qd2 dxe5 11. Nxe5 Rf8 12. Qxh6 Rh8 13. Be2 1-0

[Event "Challenge"]
[Site "http://www.queenalice.com/game.php?id=37926"]
[Date "2005.11.14"]
[Round "-"]
[White "willyanF"]
[Black "Rolling"]
[Result "0-1"]
[WhiteElo "1736"]
[BlackElo "1858"]

1. e4 e5 2. Nf3 d5 3. exd5 Qxd5 4. Nc3 Qe6 5. b3 e4 6. Ng5 Qe5 7. Nh3 Bxh3 8.
gxh3 Bb4 9. Bb2 Nf6 10. a3 Bxc3 11. Bxc3 Qd6 12. Qe2 O-O 13. Qe3 Re8 14. Bb4 Qc6
15. O-O-O Nd5 16. Qd4 Nxb4 17. Rg1 g6 18. Qxb4 Qf6 19. Qxb7 Qa1# 0-1

[Event "AUTO-OPEN-188"]
[Site "http://www.queenalice.com/game.php?id=42080"]
[Date "2005.12.7"]
[Round "1"]
[White "Rolling"]
[Black "refutor"]
[Result "1/2-1/2"]
[WhiteElo "1870"]
[BlackElo "1795"]

1. Nf3 c5 2. e4 d6 3. Bb5+ Bd7 4. Bxd7+ Nxd7 5. O-O Ngf6 6. d3 g6 7. Bg5 Bg7 8.
Bxf6 Bxf6 9. c3 O-O 10. Na3 a6 11. Nc4 b5 12. Ne3 Rc8 13. a4 Qc7 14. Nd5 Qc6 15.
axb5 axb5 16. g4 Ne5 17. g5 Nxf3+ 18. Qxf3 Bxg5 19. Ra7 e6 20. Nf6+ Bxf6 21.
Qxf6 c4 22. dxc4 Qxc4 23. Re1 Qc5 24. Ra5 Ra8 25. Rea1 Rxa5 26. Rxa5 Qh5 27. e5
Qg4+ 1/2-1/2

[Event "AUTO-OPEN-188"]
[Site "http://www.queenalice.com/game.php?id=42081"]
[Date "2005.12.7"]
[Round "1"]
[White "refutor"]
[Black "Rolling"]
[Result "1/2-1/2"]
[WhiteElo "1773"]
[BlackElo "1867"]

1. Nf3 a5 2. d4 e6 3. e4 d6 4. Be2 Nf6 5. Nc3 c6 6. Bg5 Nbd7 7. O-O h6 8. Bh4 g5
9. Bg3 a4 10. h3 b5 11. a3 Bg7 12. e5 dxe5 13. Nxe5 Nxe5 14. Bxe5 O-O 15. Qd3
Ba6 16. Qf3 Rc8 17. Bxf6 Bxf6 18. Ne4 Bxd4 19. c3 f5 20. cxd4 fxe4 21. Qxe4 Qf6
22. Bg4 Rfe8 23. Rfc1 Bb7 24. Re1 Rcd8 25. Bxe6+ Kg7 26. Qf5 Qxf5 27. Bxf5 Rxe1+
28. Rxe1 1/2-1/2